00893nam a22002417a 450000500170000001000130001702000100003003500130004003700160005304000120006908200130008110000290009424500890012326000370021227000570024930000310030650000510033765000320038865000310042094200220045199900190047395201590049220170124110208.0 aA-682556 c00.00 aA-682556 bCen Lib/Ret aDPLbEN a641bBRE aBrenan, Jennifer 937715 aCurries and bugles :cby by Jennifer Brenan ba memior and cookbook of british raj / aNew Delhi bPenguin Books c1990 bNew Delhi a706, eros tower, 56,nehru place e110019 avi, 324p.:c21cm(Hb)bill. aIncludes bibliographical references and index  aBritish raj zIndia 937716 aCooking management 937717 2ddccENh641mBRE c133358d133358 04104070aLbLd2015-07-25eCen Lib/Retg0.00l0o641 BREpA-682556r2015-07-25 00:00:00t1v0.00w2015-07-25yENzW/d List No. 6873/12 ; dtd 20/08/2020